000 00449nam a2200157 4500
001 112099
003 ES-MaACL
005 20230906185435.0
007 t|
008 061121s1908 bl r ||||1| por d
100 1 _aNavarro Monzó, Julio.
_985150
245 1 0 _aCatalunha é as nacionalidades ibéricas /
_cJulio Navarro Monzó.
260 _aPorto (Brasil) :
_bSilva Teixevia,
_c1908.
300 _a648 p. ;
_c19 cm.
852 _aES-MaACL
_jD-2527
999 _c112099
_d112099